| 000 | 00763nam a22002297a 4500 | ||
|---|---|---|---|
| 999 |
_c16742 _d16742 |
||
| 003 | OSt | ||
| 005 | 20190522101721.0 | ||
| 008 | 180524b ||||| |||| 00| 0 eng d | ||
| 020 | _a9781412997515 | ||
| 040 | _aSEKU | ||
| 042 | _apcc | ||
| 050 | 0 | 0 |
_aHA 32 _b.P37 |
| 100 | 1 | _aParke, Carol S. | |
| 245 | 1 | 0 |
_aEssential first steps to data analysis : _bscenario-based examples using SPSS / _cCarol S. Parke. |
| 260 |
_aLos Angeles : _aLondon : _bSAGE Publications, _c2013 |
||
| 300 |
_a265 p. : _bill. |
||
| 504 | _aIncludes bibliographical references and index. | ||
| 630 | 0 | 0 | _aSPSS (Computer file) |
| 650 | 0 |
_aSocial sciences _xStatistical methods _xData processing. |
|
| 650 | 0 |
_aSocial sciences _xStatistical methods _xComputer programs |
|
| 942 |
_2lcc _cGEN |
||